MCQ IN MEDICAL LABORATORY TECHNOLOGY (Record no. 1329)

MARC details
000 -LEADER
fixed length control field 00300nam a2200133Ia 4500
082 ## - DEWEY DECIMAL CLASSIFICATION NUMBER
Classification number 612.015
Item number M10S
100 ## - MAIN ENTRY--PERSONAL NAME
Personal name SOOD, RAMANIK
245 ## - TITLE STATEMENT
Title MCQ IN MEDICAL LABORATORY TECHNOLOGY
250 ## - EDITION STATEMENT
Edition statement 1ST
260 ## - PUBLICATION, DISTRIBUTION, ETC. (IMPRINT)
Name of publisher, distributor, etc JAYPEE
Place of publication, distribution, etc DELHI
Year of Publication 2010
300 ## - PAGE DESCRIPTION
No. of Pages 1-211
650 ## - SUBJECT ADDED ENTRY--TOPICAL TERM
Topical term or geographic name as entry element BIOCHEMISTRY
942 ## - ADDED ENTRY ELEMENTS (KOHA)
Source of classification or shelving scheme Dewey Decimal Classification
Koha item type Books
942 ## - ADDED ENTRY ELEMENTS (KOHA)
-- 2
Holdings
Withdrawn status Lost status Source of classification or shelving scheme Damaged status Not for loan Collection code Home library Current library Shelving location Date acquired Vendor Name Cost, normal purchase price SGTU Bill Number Total Checkouts Full call number Accession No. (Barcode) Date last seen Date last borrowed Bill Date Koha item type
    Dewey Decimal Classification     MEDICAL SGT Medical Library SGT Medical Library Text Book 16/01/2012 JAYPEE 150.00 SGTU 9046 1 612.015 M10S FM4917 22/11/2025 22/11/2025 23/01/2012 Books
    Dewey Decimal Classification     MEDICAL SGT Medical Library SGT Medical Library Text Book 16/01/2012 JAYPEE 150.00 SGTU 9046   612.015 M10S FM4918 09/02/2015   23/01/2012 Books
    Dewey Decimal Classification     MEDICAL SGT Medical Library SGT Medical Library Text Book 16/01/2012 JAYPEE 150.00 SGTU 9046 4 612.015 M10S FM4919 30/06/2023 16/06/2023 23/01/2012 Books
    Dewey Decimal Classification     MEDICAL SGT Medical Library SGT Medical Library Text Book 16/01/2012 JAYPEE 150.00 SGTU 9046 2 612.015 M10S FM4920 30/11/2023 18/11/2023 23/01/2012 Books
    Dewey Decimal Classification     MEDICAL SGT Medical Library SGT Medical Library Text Book 16/01/2012 JAYPEE 150.00 SGTU 9046   612.015 M10S FM4921 09/02/2015   23/01/2012 Books